Regiony separatystyczne w Europie - Statystyki

Ogólne statystyki
  • Ten quiz został rozwiązany 1 632 razy
    1 610 od ostatniego zresetowania
  • Średni wynik to 12 z 29
Statystyki odpowiedzi
Obecnie w Granicach Nazwa Regionu % Poprawnych
Hiszpania Katalonia
93%
Wielka Brytania Szkocja
88%
Serbia (nie uznany przez wszystkie kraje) Kosowo
85%
Wielka Brytania Walia
84%
Wielka Brytania Irlandia Północna
83%
Hiszpania i Francja Baskonia
75%
Mołdawia Naddniestrze
70%
Niemcy Bawaria
67%
Ukraina Noworosja
60%
Rosja Czeczenia
51%
Belgia Region Flamandzki
50%
Włochy Sardynia
49%
Francja Bretania
43%
Francja Korsyka
40%
Dania Wyspy Owcze
34%
Wielka Brytania Kornwalia
27%
Włochy Wenecja
25%
Hiszpania Aragonia
23%
Wielka Brytania Wyspa Man
23%
Francja Alzacja
20%
Holandia i Niemcy Fryzja
17%
Mołdawia Gagauzja
15%
Francja Oksytania
14%
Finlandia Wyspy Alandzkie
14%
Rosja Tatarstan
13%
Hiszpania Wyspy Kanaryjskie
13%
Włochy Tyrol Południowy
8%
Rosja Inguszetia
6%
Francja Sabaudia
5%
Nie znaleziono quizów pasujących do podanych kryteriów
Rozkład punktacji
Procent ludzi z każdym wynikiem
Percentyl według liczby udzielonych odpowiedzi
Twoja historia wyników
Nie rozwiązałeś tego quizu od ostatniego zresetowania